All 27 Species of Crocodilians Quiz - Statistics

General Stats
  • This quiz has been taken 186 times
  • The average score is 15 of 27
Answer Stats
Answer % Correct
American Alligator
93%
Saltwater Crocodile
93%
Nile Crocodile
89%
American Crocodile
87%
Gharial
84%
Black Caiman
80%
Chinese Alligator
76%
Spectacled Caiman
69%
Freshwater Crocodile
66%
Mugger Crocodile
64%
False Gharial
63%
Cuban Crocodile
54%
Dwarf Crocodile
46%
Orinoco Crocodile
46%
Cuvier's Dwarf Caiman
45%
Yacare Caiman
45%
Broad-snouted Caiman
43%
Siamese Crocodile
42%
New Guinea Crocodile
39%
Philippine Crocodile
39%
West African Crocodile
36%
West African Slender-Snouted Crocodile
36%
Morelet's Crocodile
35%
Smooth-Fronted Caiman
35%
Central African Slender-Snouted Crocodile
28%
Hall's New Guinea Crocodile
24%
Osborn's Dwarf Crocodile
18%
No matching quizzes found
Score Distribution
Percent of People with Each Score
Percentile by Number Answered
Your Score History
You have not taken this quiz